Success unlimited
| Format: | Book |
|---|---|
| Published: |
New Delhi :
Jaico Pub. House ,
2007
|
| Subjects: |
MARC
| LEADER | 00000cam a2200000 7i4500 | ||
|---|---|---|---|
| 001 | 0000042873 | ||
| 005 | 20150201.0 | ||
| 008 | 141030 | ||
| 020 | |a 8179926761 | ||
| 090 | 0 | 0 | |a 158.1 |b SUC |
| 245 | 1 | 0 | |a Success unlimited |
| 260 | |a New Delhi : |b Jaico Pub. House , |c 2007 | ||
| 650 | 0 | |a Children |x Diseases | |
| 650 | 0 | |a Self-realization | |
| 650 | 0 | |a Success | |
| 999 | |a 0001293040 |b Book |c Adult Collection |e Perbadanan Perpustakaan Awam Johor | ||